000 00393nam a2200145Ia 4500
008 100204s9999 xx 000 0 und d
082 _b14306
100 _aराजे शैलजा
245 _aसावर
260 _b"दिलीप प्रकाशन , मुंबई 4"
_c1978
300 _a168
630 _aसावर
730 _aसावर
942 _cBOOK
999 _c458737
_d458734